000 01140cam a22003255i 4500
999 _c28066
_d28037
001 019033143
003 EG-ScBUE
005 20200212134719.0
008 180821t20182018enka f 001 0 eng d
020 _z9780857113382 (pbk.)
040 _aStDuBDS
_beng
_erda
_cStDuBDS
_dEG-ScBUE
082 0 4 _a615.1341
_bBNF
_222
245 0 0 _aBNF 76 :
_bSeptember 2018 - March 2019.
246 3 3 _aBritish national formulary
264 1 _aLondon :
_bPharmaceutical Press / The Royal Pharmaceutical Society :
_bBMJ Group,
_c[2018]
264 4 _cc2018
300 _axxi, 1616 pages :
_billustrations (black and white, and colour) ;
_c22 cm
336 _atext
_btxt
_2rdacontent
337 _aunmediated
_bn
_2rdamedia
338 _avolume
_bnc
_2rdacarrier
500 _aIncludes index.
650 7 _aPharmacopoeias
_zGreat Britain.
_2BUEsh
650 7 _aMedicine
_vFormulae, receipts, prescriptions.
_2BUEsh
650 7 _aPharmacology
_zGreat Britain.
_2BUEsh
653 _bPPhrm
_cFebruary2020
710 2 0 _aBritish Medical Association.
710 2 0 _aPharmaceutical Society of Great Britain.
_936265
942 _2ddc
_cBB